000 00986cam a2200217 4500
001 7525
005 20181127183812.0
008 020114s2002 txua 001 0 eng
010 _a 2002000340
020 _a1930819129 (acid-free paper)
082 0 0 _a338.7/616479573
_221
100 1 _aDarden, Bob,
_d1954-
245 1 0 _aSecret recipe :
_bwhy KFC is still cookin' after 50 years /
_cby Robert Darden.
260 _aIrving, Tex. :
_bTapestry Press,
_cc2002.
300 _axiv, 226 p., [16] pages of plates :
_bill. ;
_c24 cm.
500 _aIncludes index.
505 _aColonel, an American icon -- Pete Harman, a born leader -- Simple handshake -- Birth of the bucket-and more -- Holding a tiger by its tail -- Wall street's darling -- Heublein takeover -- Death of Harland David Sanders -- Era of change, growth -- New day -- Future: KFC and Pete Harman.
_g
_r
_t
610 2 0 _aKentucky Fried Chicken (Firm)
650 0 _aRestaurant management.
999 _c6437
_d6437